| 000 | 00633cam a2200205 4500 | ||
|---|---|---|---|
| 001 | WB3604-01 | ||
| 008 | 000000n1999 000 0 eng u | ||
| 035 | _a(Sirsi) u103791 | ||
| 245 | _aNew construction: November 1999 | ||
| 260 | _c1999 | ||
| 490 |
_aDETR Information Bulletin _v(024) 20 January 2000 (12) |
||
| 520 | _aLatest DETR figures show that construction new orders in November were lower than those of October. Tables and graphs. | ||
| 590 | _aWB | ||
| 650 | _aSTATISTICAL INFORMATION | ||
| 650 | _aDETR | ||
| 650 | _aNEW ORDERS | ||
| 650 | _aCONSTRUCTION INDUSTRY | ||
| 690 | _aBUILT ENVIRONMENT | ||
| 942 | _n0 | ||
| 999 |
_c62324 _d62324 |
||